Things That Come In Threes - Statistics

General Stats
  • This quiz has been taken 383 times
  • The average score is 9 of 15
Answer Stats
Hint Answer % Correct
A tricycle has three of these Wheels
99%
They had issues with The Big Bad Wolf Three Little Pigs
96%
Genies usually give away 3 of these Wishes
91%
The strongest geometric shape Triangle
80%
Cerberus has 3 of these Heads
72%
There are 3 of these in a yard Feet
71%
The human ear has three of these Bones
61%
Beyonce, Michele and Kelly Destiny's Child
58%
They had issues with the Ogre under the bridge Three Billy Goats Gruff
49%
They all ran after the farmer’s wife, Who cut off their tails with a carving knife Three Blind Mice
48%
Another name for a shamrock Three Leaf Clover
44%
Another name for the Magi Three Wise Men
39%
Three successes of the same kind, especially consecutive ones within a limited period Hat Trick
24%
Clotho ("spinner"), Lachesis ("allotter") and Atropos ("the unturnable") The Fates
17%
Homo habilis, homo erectus, and homo sapien are the 3... Human Species
10%
No matching quizzes found
Score Distribution
Percent of People with Each Score
Percentile by Number Answered
Your Score History
You have not taken this quiz